[Event "CZE-chT2A 0809"]
[Site "Czech Republic"]
[Date "2009.03.22"]
[Round "10.5"]
[White "Cihak, Jiri"]
[Black "Kracik, Dobroslav"]
[Result "0-1"]
[WhiteElo "2113"]
[BlackElo "2082"]
[PlyCount "60"]
[EventDate "2008.10.12"]
[EventType "team-tourn"]
[EventRounds "11"]
[EventCountry "CZE"]
[SourceTitle "EXT 2010"]
[Source "ChessBase"]
[SourceDate "2010.11.25"]
[SourceVersion "1"]
[SourceVersionDate "2010.11.25"]
[SourceQuality "1"]
[WhiteTeam "Kobylisy"]
[BlackTeam "Kozolupy"]
[WhiteTeamCountry "CZE"]
[BlackTeamCountry "CZE"]

1. Nf3 d5 2. d4 e6 3. Bf4 Nf6 4. Nbd2 Bd6 5. Ne5 c5 6. dxc5 Bxc5 7. e3 0-0 8. c4 Nc6 9. Rc1 d4 10. e4 Nd7 11. Nd3 e5 12. Bg3 b6 13. Qa4 Bb7 14. b4 Bd6 15. Be2 Qe7 16. b5 Nd8 17. 0-0 Ne6 18. f4 exf4 19. Bxf4 Nxf4 20. Nxf4 Nc5 21. Qd1 Nxe4 22. Bd3 Nc3 23. Qh5 Qe3+ 24. Kh1 g6 25. Nxg6 fxg6 26. Bxg6 Bxg2+ 27. Kxg2 Qxd2+ 28. Kh1 Qxh2+ 29. Qxh2 Bxh2 30. Bxh7+ Kxh7 0-1

[Event "CZE-chT2A 0809"]
[Site "Czech Republic"]
[Date "2009.02.22"]
[Round "9.5"]
[White "Ptacnik, Stanislav"]
[Black "Cihak, Jiri"]
[Result "1/2-1/2"]
[WhiteElo "2137"]
[BlackElo "2113"]
[PlyCount "26"]
[EventDate "2008.10.12"]
[EventType "team-tourn"]
[EventRounds "11"]
[EventCountry "CZE"]
[SourceTitle "EXT 2010"]
[Source "ChessBase"]
[SourceDate "2010.11.25"]
[SourceVersion "1"]
[SourceVersionDate "2010.11.25"]
[SourceQuality "1"]
[WhiteTeam "Zizkov"]
[BlackTeam "Kobylisy"]
[WhiteTeamCountry "CZE"]
[BlackTeamCountry "CZE"]

1. e4 e6 2. d3 d5 3. Nd2 c5 4. Ngf3 Nc6 5. g3 Nf6 6. Bg2 Be7 7. 0-0 b5 8. Re1 0-0 9. e5 Nd7 10. Nf1 Nb6 11. h4 f5 12. exf6 Bxf6 13. Ng5 Bd4 1/2-1/2

[Event "CZE-chT2A 0809"]
[Site "Czech Republic"]
[Date "2009.02.08"]
[Round "8.6"]
[White "Vlach, Martin"]
[Black "Cihak, Jiri"]
[Result "0-1"]
[WhiteElo "1895"]
[BlackElo "2113"]
[PlyCount "60"]
[EventDate "2008.10.12"]
[EventType "team-tourn"]
[EventRounds "11"]
[EventCountry "CZE"]
[SourceTitle "EXT 2010"]
[Source "ChessBase"]
[SourceDate "2010.11.25"]
[SourceVersion "1"]
[SourceVersionDate "2010.11.25"]
[SourceQuality "1"]
[WhiteTeam "Ceske Budejovice II"]
[BlackTeam "Kobylisy"]
[WhiteTeamCountry "CZE"]
[BlackTeamCountry "CZE"]

1. e4 e6 2. d4 d5 3. Nc3 Bb4 4. e5 c5 5. a3 Bxc3+ 6. bxc3 Ne7 7. Qg4 0-0 8. Bd3 f5 9. exf6 Rxf6 10. Bg5 e5 11. Qh4 e4 12. Bxf6 gxf6 13. Bf1 Nf5 14. Qf4 Qa5 15. Qd2 cxd4 16. cxd4 Qxd2+ 17. Kxd2 Nxd4 18. Rb1 Nbc6 19. c4 Be6 20. cxd5 Bxd5 21. Rxb7 Ne5 22. Rb4 Nb3+ 23. Kc3 Rc8+ 24. Kb2 Nc5 25. Rd4 Ncd3+ 26. Bxd3 Nxd3+ 27. Rxd3 exd3 28. Nh3 Rc2+ 29. Kb1 Ba2+ 30. Ka1 d2 0-1

[Event "CZE-chT2a 0607"]
[Site "Czech Republic"]
[Date "2006.11.05"]
[Round "2.6"]
[White "Soukal, Roman"]
[Black "Cihak, Jiri"]
[Result "0-1"]
[WhiteElo "1915"]
[BlackElo "2091"]
[PlyCount "54"]
[EventDate "2006.10.15"]
[EventType "team"]
[EventRounds "11"]
[EventCountry "CZE"]
[SourceTitle "EXT 2009"]
[Source "ChessBase"]
[SourceDate "2008.11.26"]
[SourceVersion "1"]
[SourceVersionDate "2008.11.26"]
[SourceQuality "1"]
[WhiteTeam "Pribram Alva"]
[BlackTeam "Kobylisy"]
[WhiteTeamCountry "CZE"]
[BlackTeamCountry "CZE"]

1. e4 e6 2. d4 d5 3. Nc3 Bb4 4. e5 c5 5. a3 Bxc3+ 6. bxc3 Ne7 7. Qg4 Qc7 8. Qxg7 Rg8 9. Qxh7 cxd4 10. Ne2 Nbc6 11. f4 dxc3 12. Qd3 d4 13. Nxd4 Nxd4 14. Qxd4 Bd7 15. Be3 Bc6 16. Rg1 Rd8 17. Qxa7 Nf5 18. Bd3 Qe7 19. g3 Rh8 20. h4 Nxg3 21. Rxg3 Qxh4 22. Bf2 Qxf4 23. Qe3 Rh1+ 24. Rg1 Qh2 25. Rd1 Rd5 26. Be2 Rxe5 27. Qd4 Rxg1+ 0-1

[Event "Stare Mesto op"]
[Site "Stare Mesto"]
[Date "2005.08.19"]
[Round "9"]
[White "Rojicek, Vojtech"]
[Black "Cihak, Jiri"]
[Result "1-0"]
[WhiteElo "2153"]
[BlackElo "2003"]
[PlyCount "54"]
[EventDate "2005.08.12"]
[EventType "swiss"]
[EventRounds "9"]
[EventCountry "CZE"]
[SourceTitle "EXT 2006"]
[Source "ChessBase"]
[SourceDate "2005.11.24"]
[SourceVersion "1"]
[SourceVersionDate "2005.11.24"]
[SourceQuality "1"]

1. e4 e6 2. d4 d5 3. Nd2 f5 4. exf5 exf5 5. Ngf3 Nf6 6. Ne5 Bd6 7. Ndf3 0-0 8. Bd3 Ne4 9. 0-0 Nd7 10. Nxd7 Bxd7 11. Ne5 Be6 12. c3 c5 13. Bc2 Qc7 14. f3 Nf6 15. Re1 Rae8 16. Kh1 b5 17. Bf4 c4 18. Qd2 Nh5 19. Re2 Nxf4 20. Qxf4 b4 21. Qd2 bxc3 22. bxc3 Rf6 23. Rae1 Rff8 24. g3 Bd7 25. f4 Rb8 26. Qe3 g6 27. Qf3 a5 1-0

[Event "Stare Mesto op"]
[Site "Stare Mesto"]
[Date "2005.08.17"]
[Round "7"]
[White "Schulz, Joern"]
[Black "Cihak, Jiri"]
[Result "1-0"]
[WhiteElo "2290"]
[BlackElo "2003"]
[PlyCount "77"]
[EventDate "2005.08.12"]
[EventType "swiss"]
[EventRounds "9"]
[EventCountry "CZE"]
[SourceTitle "EXT 2006"]
[Source "ChessBase"]
[SourceDate "2005.11.24"]
[SourceVersion "1"]
[SourceVersionDate "2005.11.24"]
[SourceQuality "1"]

1. d4 Nf6 2. c4 g6 3. Nc3 Bg7 4. Bg5 0-0 5. Qd2 d6 6. e4 c6 7. f4 h6 8. Bh4 Qc7 9. e5 Nh7 10. Bd3 Re8 11. Nf3 Nf8 12. h3 a6 13. g4 b5 14. c5 dxc5 15. dxc5 Nbd7 16. Ne4 Ne6 17. Bf2 f6 18. f5 Nxe5 19. Nxe5 Qxe5 20. Bg3 Qd5 21. fxe6 f5 22. gxf5 gxf5 23. Nf2 Bxe6 24. Bf4 Kh7 25. Be3 Rad8 26. a3 Qe5 27. 0-0-0 Rd7 28. Ng4 Rxd3 29. Nxe5 Rxd2 30. Bxd2 Bxe5 31. Rhe1 Bb3 32. Rxe5 Bxd1 33. Kxd1 e6 34. Ke2 Kg6 35. Kf3 Kf6 36. Bc3 Kf7 37. Re2 Rd8 38. Rd2 Rxd2 39. Bxd2 1-0

[Event "Stare Mesto op"]
[Site "Stare Mesto"]
[Date "2005.08.15"]
[Round "5"]
[White "Freyberg, Dominic"]
[Black "Cihak, Jiri"]
[Result "0-1"]
[WhiteElo "2151"]
[BlackElo "2003"]
[PlyCount "73"]
[EventDate "2005.08.12"]
[EventType "swiss"]
[EventRounds "9"]
[EventCountry "CZE"]
[SourceTitle "EXT 2006"]
[Source "ChessBase"]
[SourceDate "2005.11.24"]
[SourceVersion "1"]
[SourceVersionDate "2005.11.24"]
[SourceQuality "1"]

1. e4 e6 2. d4 d5 3. e5 c5 4. c3 Qb6 5. Nf3 Bd7 6. Bd3 Bb5 7. 0-0 Bxd3 8. Qxd3 c4 9. Qc2 Nc6 10. Ng5 h6 11. Nh3 Nge7 12. Kh1 0-0-0 13. b3 Qa6 14. Qe2 Nf5 15. Nd2 Nfxd4 16. cxd4 Nxd4 17. Qd1 c3 18. Nf3 Nxf3 19. gxf3 d4 20. Rg1 d3 21. Rg4 b5 22. Be3 c2 23. Qd2 Qc6 24. Nf4 Qxf3+ 25. Rg2 Qe4 26. Qc3+ Kb7 27. Qa5 Bb4 28. Qxa7+ Kc8 29. f3 Qxf3 30. Bb6 Rd7 31. Qa6+ Qb7 32. Qxb7+ Kxb7 33. Nxd3 Rxd3 34. Rxc2 Kxb6 35. Rac1 Rhd8 36. Rc7 Rd1+ 37. Kg2 0-1

[Event "CZE-chT2c 0405"]
[Site "Czech Republic"]
[Date "2005.04.10"]
[Round "11.6"]
[White "Cernovsky, Jiri"]
[Black "Cihak, Jiri"]
[Result "1/2-1/2"]
[WhiteElo "2100"]
[BlackElo "1924"]
[PlyCount "46"]
[EventDate "2004.10.17"]
[EventType "team"]
[EventRounds "11"]
[EventCountry "CZE"]
[SourceTitle "EXT 2007"]
[Source "ChessBase"]
[SourceDate "2006.11.23"]
[SourceVersion "1"]
[SourceVersionDate "2006.11.23"]
[SourceQuality "1"]
[WhiteTeam "Kutna Hora"]
[BlackTeam "Kobylisy"]
[WhiteTeamCountry "CZE"]
[BlackTeamCountry "CZE"]

1. e4 e6 2. Nc3 d5 3. Nf3 Nf6 4. exd5 exd5 5. d4 Be7 6. Be2 0-0 7. 0-0 Bf5 8. Ne5 c6 9. g4 Bc8 10. Be3 Nbd7 11. f4 Ne8 12. Bd3 Nd6 13. Qf3 f5 14. g5 Nxe5 15. dxe5 Ne4 16. Rad1 Qc7 17. Ne2 c5 18. c4 Be6 19. b3 Rad8 20. cxd5 Bxd5 21. Bc4 Bxc4 22. bxc4 Qa5 23. Ng3 Nxg3 1/2-1/2

[Event "CZE-chT2c 0405"]
[Site "Czech Republic"]
[Date "2005.02.06"]
[Round "7.4"]
[White "Knizek, Jan"]
[Black "Cihak, Jiri"]
[Result "1/2-1/2"]
[WhiteElo "2215"]
[BlackElo "1924"]
[PlyCount "22"]
[EventDate "2004.10.17"]
[EventType "team"]
[EventRounds "11"]
[EventCountry "CZE"]
[SourceTitle "EXT 2007"]
[Source "ChessBase"]
[SourceDate "2006.11.23"]
[SourceVersion "1"]
[SourceVersionDate "2006.11.23"]
[SourceQuality "1"]
[WhiteTeam "Lysa nad Labem"]
[BlackTeam "Kobylisy"]
[WhiteTeamCountry "CZE"]
[BlackTeamCountry "CZE"]

1. c4 g6 2. Nc3 Bg7 3. Nf3 e5 4. g3 Ne7 5. Bg2 d6 6. d4 0-0 7. 0-0 c6 8. e4 h6 9. Be3 Nd7 10. Qd2 exd4 11. Bxd4 Ne5 1/2-1/2

[Event "Havlickuv Brod Vysocina op"]
[Site "Havlickuv Brod"]
[Date "2004.09.20"]
[Round "3"]
[White "Roubalik, Jakub"]
[Black "Cihak, Jiri"]
[Result "1/2-1/2"]
[WhiteElo "2065"]
[BlackElo "1924"]
[PlyCount "36"]
[EventDate "2004.09.18"]
[EventType "swiss"]
[EventRounds "9"]
[EventCountry "CZE"]
[SourceTitle "EXT 2006"]
[Source "ChessBase"]
[SourceDate "2005.11.24"]
[SourceVersion "1"]
[SourceVersionDate "2005.11.24"]
[SourceQuality "1"]

1. e4 e6 2. d4 d5 3. Nc3 dxe4 4. Nxe4 Bd7 5. Bd3 Bc6 6. Nf3 Nd7 7. 0-0 Be7 8. c3 Ngf6 9. Qe2 b6 10. Bf4 0-0 11. Nxf6+ Bxf6 12. Be4 Bxe4 13. Qxe4 c5 14. Bd6 Re8 15. dxc5 Nxc5 16. Bxc5 bxc5 17. Qc6 Qb6 18. Qxb6 axb6 1/2-1/2